Procesos de diagnosis en sistemas electrónicos de inyección diesel: Alfa Romeo, Audi, BMW, Citroën, Fiat, Ford, Lancia, Mercedes, Opel, Peugeot, Renault, Rover, SEAT, VW y Volvo

Uloženo v:
Podrobná bibliografie
Hlavní autor: Gil, Hermógenes (Autor)
Médium: Kniha
Jazyk:španělština
Vydáno: Barcelona Ceac 2002
Edice:Inyección Electrónica Diesel
Témata:
Tagy: Přidat tag
Žádné tagy, Buďte první, kdo vytvoří štítek k tomuto záznamu!

MARC

LEADER 00000nam a2200000 a 4500
001 UCL2160
003 CL-VaPUC
008 031010e20020000SP |||||||||||||||||spa|d
020 |a 8432912166 
082 0 4 |a 629.2549  |b GIL  |2 21 
100 |a Gil, Hermógenes  |e author  |9 501098 
245 1 0 |a Procesos de diagnosis en sistemas electrónicos de inyección diesel: Alfa Romeo, Audi, BMW, Citroën, Fiat, Ford, Lancia, Mercedes, Opel, Peugeot, Renault, Rover, SEAT, VW y Volvo 
300 |a 284 p 
942 |c BK 
945 |d 20031010 00:00:00  |a cmena 
260 |a Barcelona  |b Ceac  |c 2002 
650 0 |a Motores Diésel  |9 271572 
650 7 |a INYECCION ELECTRONICA  |2 CL-VaPUC  |9 479177 
650 0 |a Automóviles  |9 260871 
650 7 |a MECANICA AUTOMOTRIZ  |2 CL-VaPUC  |9 428677 
650 7 |a MOTORES DE AUTOMOVILES  |2 CL-VaPUC  |9 364790 
583 |a last modification  |c 20031010 00:00:00  |k Rodrigo Vera 
490 0 |a Inyección Electrónica Diesel 
999 |c 305519  |d 305517 
952 |0 0  |1 0  |4 0  |6 629_254900000000000_GIL_2002  |7 0  |8 A  |9 369466  |a BIBMEC  |b BIBMEC  |d 2019-11-21  |i 3949818  |o 629.2549 GIL 2002  |p 3949818  |r 2024-01-19  |w 2019-11-21  |y BK  |k MEC